[Event "Hoogeveen Open 2016"]
[Site "Hoogeveen"]
[Date "2016.10.17"]
[Round "3.4"]
[White "Vrolijk, Liam"]
[Black "Shyam, Sundar M."]
[Result "1/2-1/2"]
[BlackElo "2552"]
[WhiteElo "2265"]
[LiveChessVersion "1.4.8"]

1. d4 {[%clk 1:30:57]} Nf6 {[%clk 1:30:39]} 2. c4 {[%clk 1:31:07]} g6
{[%clk 1:31:00]} 3. Nc3 {[%clk 1:31:30]} Bg7 {[%clk 1:31:25]} 4. e4
{[%clk 1:31:55]} O-O {[%clk 1:31:48]} 5. f3 {[%clk 1:32:07]} d6 {[%clk 1:31:48]}
6. Nge2 {[%clk 1:32:17]} c5 {[%clk 1:32:09]} 7. d5 {[%clk 1:32:41]} e6
{[%clk 1:32:33]} 8. Ng3 {[%clk 1:33:01]} exd5 {[%clk 1:32:52]} 9. cxd5
{[%clk 1:33:22]} a6 {[%clk 1:33:19]} 10. a4 {[%clk 1:33:40]} h5 {[%clk 1:33:46]}
11. Bg5 {[%clk 1:33:49]} Qc7 {[%clk 1:33:49]} 12. Qd2 {[%clk 1:32:30]} Re8
{[%clk 1:32:20]} 13. Be2 {[%clk 1:22:03]} Nh7 {[%clk 1:22:53]} 14. Bh6
{[%clk 1:19:01]} Bd4 {[%clk 1:21:01]} 15. Be3 {[%clk 1:06:20]} h4
{[%clk 1:13:14]} 16. Nf1 {[%clk 1:06:38]} Bg7 {[%clk 1:08:17]} 17. Bf2
{[%clk 1:03:54]} Qe7 {[%clk 1:00:37]} 18. Ne3 {[%clk 0:59:58]} Bh6
{[%clk 0:50:53]} 19. O-O {[%clk 0:53:54]} Bf4 {[%clk 0:47:25]} 20. Kh1
{[%clk 0:41:56]} Nd7 {[%clk 0:33:41]} 21. Qe1 {[%clk 0:33:26]} h3
{[%clk 0:21:49]} 22. g3 {[%clk 0:33:42]} Bxe3 {[%clk 0:20:25]} 23. Bxe3
{[%clk 0:34:02]} f5 {[%clk 0:20:52]} 24. Qd2 {[%clk 0:26:41]} Nhf6
{[%clk 0:19:59]} 25. Bg5 {[%clk 0:16:49]} fxe4 {[%clk 0:18:17]} 26. Qc2
{[%clk 0:16:36]} Qe5 {[%clk 0:04:57]} 27. Bf4 {[%clk 0:16:02]} Qe7
{[%clk 0:05:26]} 28. Bg5 {[%clk 0:14:14]} Qe5 {[%clk 0:05:55]} 29. Bf4
{[%clk 0:14:35]} 1/2-1/2

[Event "Hoogeveen Open 2016"]
[Site "Hoogeveen"]
[Date "2016.10.17"]
[Round "3.5"]
[White "Rathnakaran, K."]
[Black "Mager, Denis"]
[Result "1-0"]
[BlackElo "2224"]
[WhiteElo "2469"]
[LiveChessVersion "1.4.8"]

1. e4 {[%clk 1:30:56]} c5 {[%clk 1:29:56]} 2. Nf3 {[%clk 1:31:18]} d6
{[%clk 1:29:56]} 3. d4 {[%clk 1:31:36]} cxd4 {[%clk 1:30:05]} 4. Nxd4
{[%clk 1:32:00]} Nf6 {[%clk 1:30:27]} 5. Nc3 {[%clk 1:32:24]} a6 {[%clk 1:30:37]}
6. Be3 {[%clk 1:32:41]} Ng4 {[%clk 1:30:33]} 7. Bg5 {[%clk 1:32:11]} h6
{[%clk 1:30:56]} 8. Bh4 {[%clk 1:32:30]} g5 {[%clk 1:30:50]} 9. Bg3
{[%clk 1:32:53]} Bg7 {[%clk 1:30:17]} 10. Qd2 {[%clk 1:28:22]} Nc6
{[%clk 1:18:19]} 11. Nb3 {[%clk 1:27:45]} b5 {[%clk 1:13:51]} 12. h4
{[%clk 1:25:45]} gxh4 {[%clk 1:04:02]} 13. Bxh4 {[%clk 1:24:43]} Nge5
{[%clk 1:01:39]} 14. Qe3 {[%clk 1:15:05]} Nc4 {[%clk 0:55:26]} 15. Bxc4
{[%clk 1:15:13]} bxc4 {[%clk 0:55:47]} 16. Nd2 {[%clk 1:15:38]} Nd4
{[%clk 0:49:12]} 17. Rc1 {[%clk 1:12:44]} Be6 {[%clk 0:41:22]} 18. f4
{[%clk 1:12:28]} f5 {[%clk 0:38:21]} 19. exf5 {[%clk 1:04:59]} Bxf5
{[%clk 0:38:09]} 20. Nd5 {[%clk 1:05:21]} Kf7 {[%clk 0:34:48]} 21. Nxc4
{[%clk 1:02:34]} Re8 {[%clk 0:33:09]} 22. O-O {[%clk 0:56:20]} Be6
{[%clk 0:26:30]} 23. Qe4 {[%clk 0:48:45]} Bf5 {[%clk 0:24:59]} 24. Ne5+
{[%clk 0:42:54]} dxe5 {[%clk 0:20:18]} 25. fxe5 {[%clk 0:43:09]} Ke6
{[%clk 0:10:23]} 26. Qxd4 {[%clk 0:41:50]} Qxd5 {[%clk 0:10:16]} 27. Qb6+
{[%clk 0:40:25]} Kf7 {[%clk 0:09:19]} 28. Rxf5+ {[%clk 0:40:43]} Kg8
{[%clk 0:09:40]} 29. Qg6 {[%clk 0:40:48]} Rf8 {[%clk 0:07:48]} 30. Rcf1
{[%clk 0:38:56]} Rxf5 {[%clk 0:06:33]} 31. Rxf5 {[%clk 0:39:00]} Rf8
{[%clk 0:05:50]} 32. Rxf8+ {[%clk 0:37:56]} Kxf8 {[%clk 0:06:17]} 33. Bxe7+
{[%clk 0:38:12]} Kxe7 {[%clk 0:06:31]} 34. Qxg7+ {[%clk 0:38:34]} Kd8
{[%clk 0:06:48]} 35. Qf6+ {[%clk 0:38:07]} Ke8 {[%clk 0:06:26]} 36. Qg6+
{[%clk 0:38:23]} 1-0

[Event "Hoogeveen Open 2016"]
[Site "Hoogeveen"]
[Date "2016.10.17"]
[Round "3.6"]
[White "Sandipan, Chanda"]
[Black "De Jong, Migchiel"]
[Result "1/2-1/2"]
[BlackElo "2330"]
[WhiteElo "2593"]
[LiveChessVersion "1.4.8"]

1. d4 {[%clk 1:30:56]} e6 {[%clk 1:30:31]} 2. c4 {[%clk 1:30:04]} Bb4+
{[%clk 1:30:39]} 3. Nc3 {[%clk 1:30:12]} c5 {[%clk 1:30:11]} 4. Nf3
{[%clk 1:30:22]} cxd4 {[%clk 1:28:38]} 5. Nxd4 {[%clk 1:30:37]} Nf6
{[%clk 1:29:03]} 6. g3 {[%clk 1:30:41]} O-O {[%clk 1:29:24]} 7. Bg2
{[%clk 1:31:04]} d5 {[%clk 1:29:48]} 8. cxd5 {[%clk 1:30:31]} Nxd5
{[%clk 1:29:37]} 9. Qb3 {[%clk 1:30:48]} Nc6 {[%clk 1:26:00]} 10. Nxc6
{[%clk 1:31:09]} bxc6 {[%clk 1:26:20]} 11. O-O {[%clk 1:31:31]} Qa5
{[%clk 1:24:45]} 12. Ne4 {[%clk 1:30:40]} Ba6 {[%clk 1:22:27]} 13. Qc2
{[%clk 1:30:12]} Be7 {[%clk 1:17:33]} 14. a3 {[%clk 1:05:58]} Rac8
{[%clk 1:14:21]} 15. Bg5 {[%clk 1:02:15]} Bxg5 {[%clk 1:11:32]} 16. Nxg5
{[%clk 1:02:37]} Nf6 {[%clk 1:10:44]} 17. Ne4 {[%clk 1:01:46]} c5
{[%clk 1:07:07]} 18. Nxf6+ {[%clk 0:45:08]} gxf6 {[%clk 1:07:16]} 19. Rfd1
{[%clk 0:45:22]} Rfd8 {[%clk 1:06:15]} 20. Bf3 {[%clk 0:44:30]} c4
{[%clk 1:02:47]} 21. Rxd8+ {[%clk 0:41:38]} Rxd8 {[%clk 1:02:59]} 22. Rd1
{[%clk 0:41:49]} Rxd1+ {[%clk 1:01:44]} 23. Qxd1 {[%clk 0:42:17]} c3
{[%clk 1:01:07]} 24. bxc3 {[%clk 0:39:43]} Qxc3 {[%clk 0:57:51]} 25. Qa4
{[%clk 0:39:56]} Bc4 {[%clk 0:57:30]} 26. Qxa7 {[%clk 0:34:27]} Qe1+
{[%clk 0:57:49]} 27. Kg2 {[%clk 0:34:53]} Bxe2 {[%clk 0:58:05]} 28. Bxe2
{[%clk 0:35:15]} Qxe2 {[%clk 0:58:30]} 29. Qa8+ {[%clk 0:35:36]} Kg7
{[%clk 0:58:54]} 30. a4 {[%clk 0:35:58]} e5 {[%clk 0:57:26]} 31. Qf3
{[%clk 0:35:27]} Qc4 {[%clk 0:54:17]} 32. a5 {[%clk 0:33:07]} e4 {[%clk 0:52:42]}
33. Qg4+ {[%clk 0:26:13]} Kf8 {[%clk 0:52:34]} 34. Qf5 {[%clk 0:26:21]} Kg7
{[%clk 0:51:28]} 35. Kh3 {[%clk 0:19:30]} h6 {[%clk 0:44:22]} 36. Qg4+
{[%clk 0:19:34]} Kf8 {[%clk 0:44:02]} 37. Kh4 {[%clk 0:18:57]} Qc5
{[%clk 0:39:35]} 38. Qf4 {[%clk 0:19:08]} Qxa5 {[%clk 0:38:36]} 39. Qxf6
{[%clk 0:12:18]} Qd2 {[%clk 0:38:16]} 40. Kh5 {[%clk 0:12:22]} Kg8
{[%clk 0:37:58]} 41. h4 {[%clk 0:11:36]} e3 {[%clk 0:34:59]} 42. fxe3
{[%clk 0:11:59]} Qxe3 {[%clk 0:35:04]} 43. g4 {[%clk 0:12:23]} Qd2
{[%clk 0:28:20]} 44. Qxh6 {[%clk 0:12:30]} Qd3 {[%clk 0:28:19]} 45. Qg5+
{[%clk 0:11:53]} Kh7 {[%clk 0:26:49]} 46. Qh6+ {[%clk 0:11:41]} Kg8
{[%clk 0:27:10]} 47. Qf6 {[%clk 0:11:54]} Qh7+ {[%clk 0:26:48]} 48. Kg5
{[%clk 0:12:20]} Qe4 {[%clk 0:26:21]} 49. Qf5 {[%clk 0:11:52]} Qe7+
{[%clk 0:24:13]} 50. Kh5 {[%clk 0:11:55]} f6 {[%clk 0:22:46]} 51. Qg6+
{[%clk 0:09:26]} Kh8 {[%clk 0:21:53]} 52. Qh6+ {[%clk 0:07:52]} Qh7
{[%clk 0:21:51]} 53. g5 {[%clk 0:08:15]} fxg5 {[%clk 0:21:55]} 54. hxg5
{[%clk 0:08:41]} Kg8 {[%clk 0:22:04]} 55. g6 {[%clk 0:09:01]} Qxh6+
{[%clk 0:22:26]} 56. Kxh6 {[%clk 0:09:28]} Kh8 {[%clk 0:22:49]} 57. g7+
{[%clk 0:09:53]} Kg8 {[%clk 0:23:16]} 58. Kg6 {[%clk 0:10:20]} 1/2-1/2

[Event "Hoogeveen Open 2016"]
[Site "Hoogeveen"]
[Date "2016.10.17"]
[Round "3.7"]
[White "Ernst, Sipke"]
[Black "Slingerland, Fred"]
[Result "1-0"]
[BlackElo "2344"]
[WhiteElo "2540"]
[LiveChessVersion "1.4.8"]

1. Nf3 {[%clk 1:30:58]} Nf6 {[%clk 1:30:55]} 2. g3 {[%clk 1:31:18]} d5
{[%clk 1:31:17]} 3. Bg2 {[%clk 1:31:31]} g6 {[%clk 1:31:39]} 4. O-O
{[%clk 1:28:54]} c5 {[%clk 1:32:04]} 5. c4 {[%clk 1:24:38]} Bg7 {[%clk 1:32:25]}
6. cxd5 {[%clk 1:19:17]} Nxd5 {[%clk 1:32:50]} 7. Qa4+ {[%clk 1:14:29]} Nd7
{[%clk 1:30:09]} 8. Nc3 {[%clk 1:11:05]} Nxc3 {[%clk 1:26:40]} 9. bxc3
{[%clk 1:09:48]} a6 {[%clk 1:25:01]} 10. Rb1 {[%clk 1:06:30]} Rb8
{[%clk 1:23:00]} 11. c4 {[%clk 1:02:44]} O-O {[%clk 1:20:49]} 12. d3
{[%clk 1:02:35]} Qc7 {[%clk 1:17:47]} 13. Be3 {[%clk 1:02:38]} b6
{[%clk 1:17:23]} 14. Nd2 {[%clk 0:57:58]} Bb7 {[%clk 1:16:28]} 15. Bxb7
{[%clk 0:57:52]} Qxb7 {[%clk 1:16:54]} 16. Ne4 {[%clk 0:55:34]} Rfc8
{[%clk 1:10:25]} 17. Qa3 {[%clk 0:51:10]} f5 {[%clk 0:59:57]} 18. Nc3
{[%clk 0:50:39]} Bxc3 {[%clk 0:58:31]} 19. Qxc3 {[%clk 0:50:31]} b5
{[%clk 0:58:53]} 20. cxb5 {[%clk 0:50:06]} axb5 {[%clk 0:59:17]} 21. Bf4
{[%clk 0:39:08]} Ra8 {[%clk 0:58:42]} 22. Qb3+ {[%clk 0:36:03]} Kg7
{[%clk 0:58:27]} 23. Rfc1 {[%clk 0:30:05]} e5 {[%clk 0:50:49]} 24. Be3
{[%clk 0:27:22]} Kf6 {[%clk 0:25:45]} 25. h4 {[%clk 0:26:18]} Rab8
{[%clk 0:25:09]} 26. Rc2 {[%clk 0:24:36]} Qb6 {[%clk 0:22:24]} 27. Rbc1
{[%clk 0:20:00]} Qd6 {[%clk 0:20:27]} 28. Bh6 {[%clk 0:14:36]} Rb7
{[%clk 0:18:11]} 29. Qb2 {[%clk 0:10:46]} Kf7 {[%clk 0:15:56]} 30. a3
{[%clk 0:09:30]} Qd5 {[%clk 0:11:26]} 31. Rc3 {[%clk 0:09:05]} f4
{[%clk 0:06:10]} 32. gxf4 {[%clk 0:07:08]} Nf6 {[%clk 0:04:35]} 33. fxe5
{[%clk 0:05:56]} Qxe5 {[%clk 0:01:49]} 34. Qa2+ {[%clk 0:05:59]} c4
{[%clk 0:00:38]} 35. dxc4 {[%clk 0:06:17]} Ng4 {[%clk 0:00:33]} 36. cxb5+
{[%clk 0:05:21]} Ke7 {[%clk 0:00:41]} 37. Bg5+ {[%clk 0:05:48]} 1-0

[Event "Hoogeveen Open 2016"]
[Site "Hoogeveen"]
[Date "2016.10.17"]
[Round "3.8"]
[White "Okkes, Menno"]
[Black "Ten Hertog, Hugo"]
[Result "1/2-1/2"]
[BlackElo "2468"]
[WhiteElo "2322"]
[LiveChessVersion "1.4.8"]

1. c4 {[%clk 1:30:56]} g6 2. Nf3 {[%clk 1:31:15]} Bg7 {[%clk 1:31:16]} 3. d4
{[%clk 1:31:37]} d6 {[%clk 1:31:43]} 4. g3 {[%clk 1:31:52]} Nf6 {[%clk 1:22:57]}
5. Bg2 {[%clk 1:31:38]} Bf5 {[%clk 1:21:50]} 6. O-O {[%clk 1:30:50]} O-O
{[%clk 1:22:03]} 7. Nc3 {[%clk 1:17:26]} Nc6 {[%clk 1:13:05]} 8. Ne1
{[%clk 1:04:50]} e5 {[%clk 1:01:11]} 9. d5 {[%clk 1:04:43]} Na5 {[%clk 0:51:36]}
10. e4 {[%clk 1:04:16]} Bg4 {[%clk 0:49:20]} 11. f3 {[%clk 1:04:19]} Bd7
{[%clk 0:47:57]} 12. b3 {[%clk 1:00:39]} h5 {[%clk 0:41:21]} 13. Be3
{[%clk 0:58:04]} b6 {[%clk 0:26:51]} 14. Nd3 {[%clk 0:52:22]} h4 {[%clk 0:18:06]}
15. gxh4 {[%clk 0:38:35]} Nh5 {[%clk 0:17:50]} 16. Qd2 {[%clk 0:38:51]} Kh7
{[%clk 0:11:53]} 17. Rae1 {[%clk 0:37:14]} Nb7 {[%clk 0:10:52]} 18. Bg5
{[%clk 0:25:50]} Qe8 {[%clk 0:06:56]} 19. Ne2 {[%clk 0:19:54]} f6
{[%clk 0:03:30]} 20. Be3 {[%clk 0:20:14]} f5 {[%clk 0:03:46]} 21. exf5
{[%clk 0:19:29]} gxf5 {[%clk 0:04:02]} 22. f4 {[%clk 0:18:42]} Qg6
{[%clk 0:03:47]} 23. Kh1 {[%clk 0:18:15]} Rae8 {[%clk 0:02:19]} 24. Rg1
{[%clk 0:16:53]} Qf7 {[%clk 0:01:42]} 25. Nf2 {[%clk 0:13:49]} Bf6
{[%clk 0:01:59]} 26. Nh3 {[%clk 0:14:08]} Bxh4 {[%clk 0:02:06]} 27. Bf3
{[%clk 0:09:03]} e4 {[%clk 0:01:52]} 28. Ng5+ {[%clk 0:08:48]} Bxg5
{[%clk 0:02:13]} 29. Bxh5 {[%clk 0:09:10]} Qxh5 {[%clk 0:02:32]} 30. Rxg5
{[%clk 0:08:42]} Qf3+ {[%clk 0:02:40]} 31. Rg2 {[%clk 0:06:07]} Rg8
{[%clk 0:02:50]} 32. Nd4 {[%clk 0:05:58]} Qxg2+ {[%clk 0:02:05]} 33. Qxg2
{[%clk 0:06:25]} Rxg2 {[%clk 0:02:29]} 34. Kxg2 {[%clk 0:06:53]} Rg8+
{[%clk 0:02:32]} 35. Kf2 {[%clk 0:06:25]} Nc5 {[%clk 0:02:49]} 36. Rg1
{[%clk 0:06:40]} Nd3+ {[%clk 0:03:13]} 37. Kf1 {[%clk 0:06:46]} Rxg1+
{[%clk 0:02:37]} 38. Kxg1 {[%clk 0:07:04]} Kg6 {[%clk 0:02:44]} 39. Kg2 a5 40.
Kg3 {[%clk 0:04:12]} a4 {[%clk 0:01:17]} 41. Bd2 {[%clk 0:27:47]} Nc5
{[%clk 0:26:36]} 1/2-1/2

[Event "Hoogeveen Open 2016"]
[Site "Hoogeveen"]
[Date "2016.10.17"]
[Round "3.9"]
[White "Romanishin, Oleg M"]
[Black "Schoppen, Casper"]
[Result "1/2-1/2"]
[BlackElo "2304"]
[WhiteElo "2456"]
[LiveChessVersion "1.4.8"]

1. d4 {[%clk 1:29:33]} Nf6 {[%clk 1:30:54]} 2. Nf3 {[%clk 1:29:56]} e6
{[%clk 1:31:17]} 3. g3 {[%clk 1:30:22]} Be7 {[%clk 1:31:40]} 4. Bg2
{[%clk 1:30:39]} O-O {[%clk 1:32:06]} 5. c4 {[%clk 1:25:50]} d5 {[%clk 1:32:32]}
6. Qc2 {[%clk 1:24:51]} c6 {[%clk 1:31:48]} 7. O-O {[%clk 1:24:25]} Nbd7
{[%clk 1:31:54]} 8. Bf4 {[%clk 1:17:14]} Nh5 {[%clk 1:28:00]} 9. Bd2
{[%clk 1:12:01]} Nhf6 {[%clk 1:25:41]} 10. Bf4 {[%clk 1:12:03]} Nh5
{[%clk 1:25:29]} 11. Bd2 {[%clk 1:12:27]} Nhf6 {[%clk 1:25:45]} 12. c5
{[%clk 1:02:26]} Ne4 {[%clk 1:24:10]} 13. Nc3 {[%clk 1:00:42]} Nxd2
{[%clk 1:22:46]} 14. Qxd2 {[%clk 1:00:04]} e5 {[%clk 1:21:57]} 15. Nxe5
{[%clk 0:49:46]} Nxe5 {[%clk 1:21:00]} 16. dxe5 {[%clk 0:50:11]} Bxc5
{[%clk 1:21:00]} 17. Rac1 {[%clk 0:35:41]} Bb6 {[%clk 1:10:55]} 18. Na4
{[%clk 0:08:07]} Qe7 {[%clk 1:03:53]} 19. e4 {[%clk 0:04:39]} dxe4
{[%clk 1:02:03]} 20. Bxe4 {[%clk 0:04:59]} Qxe5 {[%clk 1:01:28]} 21. Nxb6
{[%clk 0:04:23]} axb6 {[%clk 1:01:52]} 22. Rfe1 {[%clk 0:04:49]} Qa5
{[%clk 0:56:15]} 23. Qd6 {[%clk 0:03:02]} Be6 {[%clk 0:53:37]} 24. a3
{[%clk 0:03:29]} Rad8 {[%clk 0:52:13]} 25. Qe7 {[%clk 0:03:21]} Qa6
{[%clk 0:44:23]} 26. Qh4 {[%clk 0:03:40]} h6 {[%clk 0:41:30]} 27. Bb1
{[%clk 0:03:22]} Qb5 {[%clk 0:37:36]} 28. Qe4 {[%clk 0:03:06]} g6
{[%clk 0:36:44]} 29. Qe3 {[%clk 0:03:13]} Qxb2 {[%clk 0:30:52]} 30. Bxg6
{[%clk 0:02:07]} Qf6 {[%clk 0:30:19]} 31. Bc2 {[%clk 0:01:45]} Rd4
{[%clk 0:30:10]} 32. Bb3 {[%clk 0:01:54]} Bxb3 {[%clk 0:28:20]} 33. Qxb3
{[%clk 0:02:22]} b5 {[%clk 0:28:04]} 34. Rc3 {[%clk 0:02:29]} Qd6
{[%clk 0:15:51]} 35. Rf3 {[%clk 0:02:45]} Rd5 {[%clk 0:14:53]} 36. Re4
{[%clk 0:02:07]} Rd4 {[%clk 0:13:46]} 37. Rxd4 {[%clk 0:01:21]} Qxd4
{[%clk 0:14:09]} 38. Rf4 {[%clk 0:01:45]} Qe5 {[%clk 0:08:52]} 39. Rg4+
{[%clk 0:02:06]} Kh8 {[%clk 0:09:08]} 40. Rf4 {[%clk 0:01:43]} Kg7
{[%clk 0:07:52]} 41. Rg4+ {[%clk 0:28:58]} Kh8 {[%clk 0:38:02]} 42. a4
{[%clk 0:15:25]} bxa4 {[%clk 0:19:03]} 43. Qxb7 {[%clk 0:14:56]} Qe6
{[%clk 0:15:03]} 44. Qb2+ {[%clk 0:13:38]} f6 {[%clk 0:15:26]} 45. Rxa4
{[%clk 0:13:59]} Rd8 {[%clk 0:15:07]} 46. Qc1 {[%clk 0:13:46]} Kg7
{[%clk 0:14:23]} 47. Rh4 {[%clk 0:09:08]} 1/2-1/2

[Event "Hoogeveen Open 2016"]
[Site "Hoogeveen"]
[Date "2016.10.17"]
[Round "3.10"]
[White "Rakesh Kumar Jena"]
[Black "Bellia, Fabrizio"]
[Result "1-0"]
[BlackElo "2447"]
[WhiteElo "2247"]
[LiveChessVersion "1.4.8"]

1. Nf3 {[%clk 1:30:57]} Nf6 {[%clk 1:30:55]} 2. g3 {[%clk 1:30:55]} g6
{[%clk 1:30:41]} 3. Bg2 {[%clk 1:31:18]} Bg7 {[%clk 1:31:08]} 4. O-O
{[%clk 1:31:38]} O-O {[%clk 1:31:34]} 5. d4 {[%clk 1:31:35]} d6 {[%clk 1:31:39]}
6. Nc3 {[%clk 1:31:50]} Nbd7 {[%clk 1:31:26]} 7. e4 {[%clk 1:32:13]} e5
{[%clk 1:31:53]} 8. dxe5 {[%clk 1:30:06]} Nxe5 {[%clk 1:30:09]} 9. Nxe5
{[%clk 1:28:52]} dxe5 {[%clk 1:30:33]} 10. Bg5 {[%clk 1:28:45]} c6
{[%clk 1:29:53]} 11. Qxd8 {[%clk 1:28:00]} Rxd8 {[%clk 1:30:04]} 12. f4
{[%clk 1:26:24]} h6 {[%clk 1:20:33]} 13. fxe5 {[%clk 1:17:02]} hxg5
{[%clk 1:20:16]} 14. exf6 {[%clk 1:17:23]} Bf8 {[%clk 1:20:30]} 15. e5
{[%clk 1:15:06]} Re8 {[%clk 1:15:05]} 16. Rae1 {[%clk 1:14:20]} Bc5+
{[%clk 1:04:36]} 17. Kh1 {[%clk 1:14:44]} Bd4 {[%clk 1:04:18]} 18. Ne4
{[%clk 1:13:15]} Rxe5 {[%clk 1:01:55]} 19. c3 {[%clk 1:13:36]} Bb6
{[%clk 1:00:58]} 20. Nd6 {[%clk 1:13:51]} Rxe1 {[%clk 0:58:49]} 21. Rxe1
{[%clk 1:14:19]} Be6 {[%clk 0:59:02]} 22. Nxb7 {[%clk 1:13:02]} Rc8
{[%clk 0:57:15]} 23. a4 {[%clk 1:10:39]} c5 {[%clk 0:39:50]} 24. Re5
{[%clk 0:45:51]} c4 {[%clk 0:34:47]} 25. Bd5 {[%clk 0:45:43]} Bxd5+
{[%clk 0:32:48]} 26. Rxd5 {[%clk 0:46:08]} Rc7 {[%clk 0:23:02]} 27. Rd8+
{[%clk 0:44:30]} Kh7 {[%clk 0:23:25]} 28. Nd6 {[%clk 0:44:56]} Rc6
{[%clk 0:15:51]} 29. Rd7 {[%clk 0:45:17]} Kg8 {[%clk 0:16:14]} 30. Kg2
{[%clk 0:44:14]} Be3 {[%clk 0:13:53]} 31. Nxf7 {[%clk 0:42:34]} Rxf6
{[%clk 0:13:27]} 32. Nh6+ {[%clk 0:42:59]} Kf8 {[%clk 0:13:27]} 33. Ng4
{[%clk 0:43:24]} Re6 {[%clk 0:13:49]} 34. Nxe3 {[%clk 0:43:47]} Rxe3
{[%clk 0:14:16]} 35. Rxa7 {[%clk 0:42:55]} Re2+ {[%clk 0:14:17]} 36. Kh3
{[%clk 0:43:20]} Rxb2 {[%clk 0:14:33]} 37. Rc7 {[%clk 0:43:46]} Ra2
{[%clk 0:12:38]} 38. Rxc4 {[%clk 0:44:11]} Kg7 {[%clk 0:11:41]} 39. Rb4
{[%clk 0:42:58]} Kf6 {[%clk 0:11:47]} 40. Kg4 {[%clk 0:42:03]} Rxh2
{[%clk 0:11:57]} 41. Rb6+ {[%clk 0:42:28]} Kg7 {[%clk 0:11:09]} 42. a5
{[%clk 0:35:56]} Ra2 {[%clk 0:07:18]} 43. a6 {[%clk 0:36:20]} Kh6
{[%clk 0:04:31]} 44. c4 {[%clk 0:36:35]} Ra4 {[%clk 0:25:59]} 45. Rc6
{[%clk 1:06:52]} Ra3 {[%clk 0:26:01]} 46. c5 {[%clk 1:06:15]} Ra4+
{[%clk 0:23:56]} 47. Kf3 {[%clk 1:05:53]} g4+ {[%clk 0:19:31]} 48. Ke3
{[%clk 1:02:41]} Ra3+ {[%clk 0:17:12]} 49. Kf4 {[%clk 1:02:45]} Kh5
{[%clk 0:17:19]} 50. Rb6 {[%clk 1:02:59]} g5+ {[%clk 0:17:33]} 51. Ke5
{[%clk 1:03:00]} Rxa6 {[%clk 0:17:56]} 52. Rb3 {[%clk 1:02:45]} Kg6
{[%clk 0:13:04]} 53. Rc3 {[%clk 1:02:44]} Kh5 {[%clk 0:03:32]} 54. Kd5
{[%clk 1:02:51]} Rf6 {[%clk 0:03:47]} 55. c6 {[%clk 1:03:05]} Rf3
{[%clk 0:04:12]} 56. Kd4 {[%clk 1:02:59]} Rf6 {[%clk 0:03:00]} 57. c7
{[%clk 1:03:19]} Rc6 {[%clk 0:03:17]} 58. c8=Q {[%clk 1:03:21]} 1-0

[Event "Hoogeveen Open 2016"]
[Site "Hoogeveen"]
[Date "2016.10.17"]
[Round "3.11"]
[White "Sundararajan, Kidambi"]
[Black "Buckels, Valentin"]
[Result "1/2-1/2"]
[BlackElo "2273"]
[WhiteElo "2429"]
[LiveChessVersion "1.4.8"]

1. Nf3 {[%clk 1:30:50]} Nf6 {[%clk 1:30:56]} 2. c4 {[%clk 1:31:09]} e6
{[%clk 1:31:19]} 3. Nc3 {[%clk 1:31:13]} Bb4 {[%clk 1:23:19]} 4. Qc2
{[%clk 1:31:30]} b6 {[%clk 1:23:05]} 5. a3 {[%clk 1:29:53]} Bxc3 {[%clk 1:22:53]}
6. Qxc3 {[%clk 1:30:14]} d6 {[%clk 1:22:13]} 7. g3 {[%clk 1:28:56]} Bb7
{[%clk 1:21:38]} 8. Bg2 {[%clk 1:29:09]} Nbd7 {[%clk 1:20:08]} 9. O-O
{[%clk 1:28:55]} O-O {[%clk 1:12:55]} 10. b4 {[%clk 1:26:59]} Qe7
{[%clk 1:11:19]} 11. Bb2 {[%clk 1:26:50]} a5 {[%clk 1:10:04]} 12. d3
{[%clk 1:22:00]} e5 {[%clk 1:03:36]} 13. Rfe1 {[%clk 1:15:47]} Ra7
{[%clk 0:54:18]} 14. e4 {[%clk 1:12:18]} c5 15. Nh4 axb4 {[%clk 0:40:55]} 16.
axb4 {[%clk 1:09:34]} Rfa8 {[%clk 0:40:51]} 17. Nf5 {[%clk 1:07:06]} Qf8
{[%clk 0:36:09]} 18. b5 {[%clk 0:47:54]} Ne8 {[%clk 0:31:39]} 19. Bh3 Bc8
{[%clk 0:29:51]} 20. f4 {[%clk 0:40:32]} Nc7 {[%clk 0:27:30]} 21. Ne3 Ne6 22.
Bxe6 {[%clk 0:29:45]} fxe6 {[%clk 0:27:58]} 23. Rxa7 {[%clk 0:29:47]} Rxa7
{[%clk 0:28:21]} 24. Rf1 {[%clk 0:21:09]} Qe7 25. Ng4 Nf6 {[%clk 0:15:32]} 26.
Nxf6+ {[%clk 0:18:01]} gxf6 {[%clk 0:16:00]} 27. Qc1 {[%clk 0:15:18]} Ra2
{[%clk 0:11:46]} 28. Qb1 Ra7 29. Qc1 {[%clk 0:12:18]} Ra2 {[%clk 0:12:15]} 30.
Rf2 Bd7 {[%clk 0:08:27]} 31. Bc3 {[%clk 0:06:31]} Rxf2 {[%clk 0:07:13]} 32. Kxf2
{[%clk 0:06:56]} exf4 {[%clk 0:07:07]} 33. gxf4 e5 34. Qg1+ {[%clk 0:04:15]} Qg7
{[%clk 0:06:31]} 35. Qxg7+ {[%clk 0:03:17]} Kxg7 36. fxe5 {[%clk 0:03:03]} dxe5
{[%clk 0:06:29]} 37. Bd2 {[%clk 0:02:16]} Kg6 {[%clk 0:05:56]} 38. Kf3
{[%clk 0:02:28]} 1/2-1/2

[Event "Hoogeveen Open 2016"]
[Site "Hoogeveen"]
[Date "2016.10.17"]
[Round "3.12"]
[White "Fehr, Axel, Dr."]
[Black "Nitin, S."]
[Result "0-1"]
[BlackElo "2410"]
[WhiteElo "2130"]
[LiveChessVersion "1.4.8"]

1. c4 {[%clk 1:30:57]} e5 {[%clk 1:30:23]} 2. Nc3 {[%clk 1:30:48]} Nf6
{[%clk 1:30:35]} 3. Nf3 {[%clk 1:30:52]} Nc6 {[%clk 1:30:58]} 4. d4
{[%clk 1:28:18]} exd4 {[%clk 1:31:07]} 5. Nxd4 {[%clk 1:28:32]} Bb4
{[%clk 1:31:30]} 6. g3 {[%clk 1:26:27]} Ne5 {[%clk 1:22:22]} 7. Bg2
{[%clk 1:22:39]} Bxc3+ {[%clk 1:15:20]} 8. bxc3 {[%clk 1:22:32]} Nxc4
{[%clk 1:15:36]} 9. Nf5 {[%clk 1:21:21]} O-O {[%clk 1:13:56]} 10. Qd4
{[%clk 0:57:41]} d5 {[%clk 1:12:51]} 11. g4 {[%clk 0:57:53]} Re8 {[%clk 0:52:11]}
12. Bg5 {[%clk 0:45:46]} Bxf5 {[%clk 0:49:41]} 13. gxf5 {[%clk 0:43:57]} Re5
{[%clk 0:49:42]} 14. e4 {[%clk 0:30:42]} c5 {[%clk 0:45:27]} 15. Bxf6
{[%clk 0:25:37]} Qxf6 {[%clk 0:45:01]} 16. Qxc5 {[%clk 0:23:46]} Nd6
{[%clk 0:36:13]} 17. f4 {[%clk 0:17:25]} Nxe4 {[%clk 0:35:28]} 0-1